书目信息 |
| 题名: |
应用生物技术进展
|
|
| 作者: | 钟建江 | |
| 分册: | ||
| 出版信息: | 上海 华东理工大学出版社 2000 |
|
| 页数: | 235 | |
| 开本: | 26cm | |
| 丛书名: | ||
| 单 册: | ||
| 中图分类: | Q819 | |
| 科图分类: | ||
| 主题词: | 生物工程 | |
| 电子资源: | ||
| ISBN: | 7-5628-1121-0 | |
| 000 | 00519nam0 2200181 450 | |
| 001 | 0741144344 | |
| 005 | 20070817112544.34 | |
| 010 | @a7-5628-1121-0@d¥40.00 | |
| 100 | @a20070817d km y0chiy0120 ea | |
| 101 | 0 | @achi |
| 200 | 1 | @a应用生物技术进展@Aying yong sheng wu ji shu jin zhan@f钟建江@Fzhong jian jiang |
| 210 | @a上海@c华东理工大学出版社@d2000 | |
| 215 | @a235@d26cm | |
| 606 | 0 | @a生物工程 |
| 690 | @aQ819@v3 | |
| 701 | 0 | @a钟建江@Azhong jian jiang |
| 801 | 0 | @aCN@bPFT@c20070817 |
| 905 | @a213230@dQ819@en1@f1 | |
| 应用生物技术进展/钟建江.-上海:华东理工大学出版社,2000 |
| 235;26cm |
| ISBN 7-5628-1121-0:¥40.00 |
| ● |
| 相关链接 |
|
|
|
|
正题名:应用生物技术进展
索取号:Q819/n1
 
预约/预借
| 序号 | 登录号 | 条形码 | 馆藏地/架位号 | 状态 | 备注 |
| 1 | 6600292 | 266002924 | 密集书库-生命科学系/ [索取号:Q819/n1] | 在馆 |